LDR 00743naa#a2200181#i#450# 001 EN\\bibl\19420 005 20260516111139.6 100 ## _a20260515b2026####ek#y0engy0150####ca 102 ## _aRU 200 1# _aTO THE PROBLEM OF NATURAL REVEGETATION OF MINING AREAS IN THE CENTRAL BLACK SOIL REGION _eConference article/thesis 210 1# _aVoronezh _cFSBE Institution of Higher Education Voronezh State University of Forestry and Technologies named after G.F. Morozov _d2026 215 ## _a8 с. 608 ## _aConference article/thesis _2local 675 ## _aЛесное хозяйство. Лесоводство. 630 _z 700 #1 _aDedenko _gTat'yana Petrovna 700 #1 _aGolyadkina _gInna Vyacheslavovna 700 #1 _aAlieva _gElena Sergeevna 856 4# _abibl.vgltu.ru _u